| Record ID | marc_loc_2016/BooksAll.2016.part09.utf8:49321812:647 |
| Source | Library of Congress |
| Download Link | /show-records/marc_loc_2016/BooksAll.2016.part09.utf8:49321812:647?format=raw |
LEADER: 00647cam a2200229 4500
001 75141856
003 DLC
005 20060918144537.0
008 710407s1971 nyuc 000 0deng
010 $a 75141856
020 $a0912050039
040 $aDLC$cDLC$dDLC
043 $ae-it---
050 00 $aDG455$b.B28
082 00 $a914.5/03
100 1 $aBarzini, Luigi Giorgio,$d1908-1984.
245 10 $aFrom Caesar to the Mafia;$bsketches of Italian life$c[by] Luigi Barzini.
260 $aNew York,$bLibrary Press,$c1971.
300 $a335 p.$bport.$c24 cm.
350 $a$8.95
650 0 $aNational characteristics, Italian.
651 0 $aItaly$xBiography.